Are you sure it all adds up? (Record no. 75678)

MARC details
000 -LEADER
fixed length control field 00758cab a2200181 4500
001 - CONTROL NUMBER
control field L130526
008 - FIXED-LENGTH DATA ELEMENTS--GENERAL INFORMATION
fixed length control field 050808n2005 000 0 eng u
035 ## - SYSTEM CONTROL NUMBER
System control number (Sirsi) u130526
041 ## - LANGUAGE CODE
Language code of text/sound track or separate title eng
100 ## - MAIN ENTRY--PERSONAL NAME
Personal name Parker, David
245 ## - TITLE STATEMENT
Title Are you sure it all adds up?
260 ## - PUBLICATION, DISTRIBUTION, ETC.
Date of publication, distribution, etc. 2005
490 ## - SERIES STATEMENT
Series statement Estates Gazette
Volume/sequential designation (0530) 30 July 2005, 86(1)
520 ## - SUMMARY, ETC.
Summary, etc. Advises ratepayers to ensure that local authorities have interpreted the new business rate laws correctly when calculating rates bills and that the local authority's software is reliable. A particular problem area is undercharging and advises on how to avoid this problem.
590 ## - LOCAL NOTE (RLIN)
Local note IKA160805
690 ## - LOCAL SUBJECT ADDED ENTRY--TOPICAL TERM (OCLC, RLIN)
Topical term or geographic name as entry element PROPERTY-COMMERCIAL PROPERTY-COMMERCIAL PROPERTY TAXATION-BUSINESS RATES
942 ## - ADDED ENTRY ELEMENTS (KOHA)
Suppress in OPAC 0
Holdings
Withdrawn status Lost status Source of classification or shelving scheme Damaged status Not for loan Home library Current library Shelving location Date acquired Total Checkouts Full call number Barcode Date last seen Copy number Price effective from Koha item type
    Dewey Decimal Classification     London London Journal article 08/08/2005   L130526 130526-1001 06/08/2019 1 06/08/2019 Journal article